Score 0/20 Timer 02:00
11 Plays Today
Cliché 4-Letter Word % Correct
The time of my ____LIFE
94.6%
Walk a ____ in his shoesMILE
91.5%
____ over matterMIND
91.1%
Kiss and ____ upMAKE
91.1%
Bite the ____ that feeds youHAND
89.8%
Between a rock and a ____ placeHARD
89.8%
Go jump in a ____LAKE
89.3%
Couldn't ____ lessCARE
88.9%
Play your trump ____CARD
87%
Avoid that ____ the plagueLIKE
86.9%
Cliché 4-Letter Word % Correct
____ up the wrong treeBARK
86.8%
Back to the salt ____MINE
86.3%
____ chauvinist pigMALE
85.1%
Laughing all the way to the ____BANK
80.9%
The ties that ____BIND
78.9%
You ____ me upLIFT
78.1%
The ____ bonesBARE
77%
____ of my existenceBANE
74.8%
Don't look a ____ horse in the mouthGIFT
73.4%
To beat the ____BAND
72.7%

Today's Daily Dose

Remove Ads.
Support Sporcle.
Get the best of Sporcle when you Go Orange. This ad-free experience offers more features, more stats, and more fun while also helping to support Sporcle. Thank you for becoming a member.

You're not logged in!

Compare scores with friends on all Sporcle quizzes.
OR
Log In

Show Comments

Extras

Top Quizzes Today


Score Distribution

Your Account Isn't Verified!

In order to create a playlist on Sporcle, you need to verify the email address you used during registration. Go to your Sporcle Settings to finish the process.

Report this User

Report this user for behavior that violates our Community Guidelines.

Details: